| 000 | 00838cam#a2200289#a 4500 | ||
|---|---|---|---|
| 001 | 58256 | ||
| 003 | CO-BoRNBP | ||
| 005 | 20250820212810.0 | ||
| 007 | ta | ||
| 008 | 090730s1990 ck gr 000 j spa d | ||
| 020 | _a9789582400026 | ||
| 020 | _a9582400021 | ||
| 040 |
_aCO-RiBPD _bspa _dCO-BoBN _c0 |
||
| 082 | 0 | 4 |
_aU813.5 _223 |
| 092 | _aCK-RA-01 | ||
| 100 | 1 |
_aTashlin, Frank, _d1913-1972. _962749 |
|
| 245 | 1 | 3 |
_aEl oso que no lo era / _cFrank Tashlin ; traducción de Santiago Lodanos. |
| 250 | _a1a. edición | ||
| 300 |
_a56 p. : _bil. |
||
| 336 |
_2rdacontent _atexto _btxt |
||
| 337 |
_2rdamedia _asin mediación _bn |
||
| 338 |
_2rdacarrier _avolumen _bnc |
||
| 490 | 0 | _aInfantil | |
| 650 | 1 | 4 |
_aCuentos infantiles estadounidenses _ySiglo XX _2LEMB _9816 |
| 700 | 1 |
_aLodanos, Santiago, _etraductor _962750 |
|
| 942 |
_2ddc _cBK |
||
| 999 |
_c58256 _d58256 |
||